[Event "Nizhnij Novgorod Voroniatov Memor 6th"]
[Site "Nizhnij Novgorod"]
[Date "2009.05.??"]
[Round "4"]
[White "Varfalomeev, Yan"]
[Black "Pristalov, Evgeny"]
[Result "0-1"]
[WhiteElo "1759"]
[BlackElo "1916"]
[PlyCount "34"]
[EventDate "2009.05.03"]
[EventType "swiss"]
[EventRounds "8"]
[EventCountry "RUS"]
[SourceTitle "EXT 2022"]
[Source "ChessBase"]
[SourceDate "2021.10.06"]
[SourceVersion "1"]
[SourceVersionDate "2021.10.06"]
[SourceQuality "1"]

1. e4 Nf6 2. Nc3 d5 3. exd5 Nxd5 4. Bc4 c6 5. d4 Bf5 6. Nf3 e6 7. 0-0 Be7 8. Re1 0-0 9. Ne5 Bf6 10. Bd3 Bxd3 11. Qxd3 Nd7 12. Nxd7 Qxd7 13. Ne4 Be7 14. c3 Rae8 15. Qg3 f5 16. Nc5 Bxc5 17. dxc5 e5 0-1

[Event "Nizhnij Novgorod Dubinin Memorial 15th"]
[Site "Nizhnij Novgorod"]
[Date "2008.01.??"]
[Round "?"]
[White "Grushin, Stanislav"]
[Black "Varfalomeev, Yan"]
[Result "1-0"]
[WhiteElo "1965"]
[BlackElo "1708"]
[PlyCount "81"]
[EventDate "2008.01.??"]
[EventType "swiss"]
[EventRounds "9"]
[EventCountry "RUS"]
[SourceTitle "CBM 122 Extra"]
[Source "ChessBase"]
[SourceDate "2008.03.04"]
[SourceVersion "1"]
[SourceVersionDate "2008.03.04"]
[SourceQuality "1"]

1. Nf3 Nc6 2. d4 e6 3. g3 Nf6 4. Bg2 Be7 5. 0-0 0-0 6. c4 d5 7. Nc3 dxc4 8. e3 Nb4 9. Ne5 c5 10. a3 cxd4 11. exd4 Nbd5 12. Nxc4 Qc7 13. Nxd5 Nxd5 14. Ne3 Nb6 15. Qe2 Rd8 16. Rd1 Bf6 17. d5 e5 18. Bd2 Be7 19. Rac1 Qd7 20. Ba5 f6 21. Nc4 Qb5 22. a4 Qxa4 23. Bxb6 axb6 24. Nxb6 Bg4 25. Bf3 Bxf3 26. Qxf3 Qb5 27. Nxa8 Rxa8 28. d6 Bd8 29. Qd5+ Qxd5 30. Rxd5 Kf7 31. d7 Ke7 32. Kg2 b6 33. Rc4 Ra7 34. f4 Rxd7 35. Rxd7+ Kxd7 36. fxe5 fxe5 37. Kf3 Kd6 38. Ke4 Bf6 39. h4 b5 40. Rc8 h6 41. b4 1-0

[Event "Nizhnij Novgorod Dubinin Memorial 15th"]
[Site "Nizhnij Novgorod"]
[Date "2008.01.??"]
[Round "?"]
[White "Kruchinin, Anatoly V"]
[Black "Varfalomeev, Yan"]
[Result "1-0"]
[WhiteElo "1851"]
[BlackElo "1708"]
[PlyCount "39"]
[EventDate "2008.01.??"]
[EventType "swiss"]
[EventRounds "9"]
[EventCountry "RUS"]
[SourceTitle "CBM 122 Extra"]
[Source "ChessBase"]
[SourceDate "2008.03.04"]
[SourceVersion "1"]
[SourceVersionDate "2008.03.04"]
[SourceQuality "1"]

1. e4 e5 2. d4 exd4 3. c3 d5 4. exd5 Qxd5 5. Nf3 Bg4 6. cxd4 Bxf3 7. gxf3 Nc6 8. Be3 0-0-0 9. Nc3 Bb4 10. Bh3+ f5 11. 0-0 Qe6 12. Kh1 Kb8 13. a3 Bxc3 14. bxc3 Qf6 15. f4 Nge7 16. Qf3 h6 17. Bg2 g5 18. Rab1 g4 19. Qe2 Kc8 20. Rb5 1-0

[Event "Nizhnij Novgorod Voroniatov Memor 4th"]
[Site "Nizhnij Novgorod"]
[Date "2007.06.11"]
[Round "?"]
[White "Varfalomeev, Yan"]
[Black "Pristalov, Evgeny"]
[Result "1/2-1/2"]
[WhiteElo "1718"]
[BlackElo "1813"]
[PlyCount "28"]
[EventDate "2007.06.11"]
[EventType "swiss"]
[EventRounds "9"]
[EventCountry "RUS"]
[SourceTitle "EXT 2022"]
[Source "ChessBase"]
[SourceDate "2021.10.06"]
[SourceVersion "1"]
[SourceVersionDate "2021.10.06"]
[SourceQuality "1"]

1. d4 d5 2. c4 c6 3. Nc3 Nf6 4. cxd5 cxd5 5. Nf3 Nc6 6. Bf4 Bf5 7. e3 e6 8. Bb5 Nd7 9. 0-0 Bb4 10. a3 Be7 11. Bxc6 bxc6 12. b4 a5 13. b5 cxb5 14. Nxb5 0-0 1/2-1/2